000 01182nam0a22003251 4500
001 rc\4188346
005 20200922123010.0
021 _aRU
_b[53-15169]
035 _a(NLR Aleph) 008194909
090 _a7999559
_c7999559
100 _a20130415d1953 |||y0rusy50 ca
101 0 _arus
102 _aRU
105 _aa z |||||
200 1 _aТруболитейное производство
205 _a3-е изд., перераб. и доп.
210 _aМосква
_cМеталлургиздат
_d1953
215 _a412 с., 3 л. черт.
_cил.
_d22
300 _aПеред загл. авт.: канд. техн. наук Е.Е. Эренбург, инж. В.М. Быков
320 _aБиблиогр.: с. 406-408
606 _aТрубы чугунные
_xПроизводство
_2psbo
606 _aТруболитейное производство
_2psbo
700 1 _aЭренбург
_bЕ. Е.
_gЕлеазар Ефимович
701 1 _aБыков
_bВ. М.
_gВалерьян Михайлович
801 0 _aRU
_bNLR
_gpsbo
801 1 _aRU
_bELAR
_2rusmarc
852 _aNLR
_jТ36 Г-5/957
942 _cBOOK
980 _aNB